000 00434nam a22001577a 4500
003 OSt
008 250430b |||||||| |||| 00| 0 eng d
020 _a9789348734679
082 _a615.07 VEC
100 _aVeerareddy, Prabhakar.Reddy
245 _aComprehensive Handbook for Pharmacist Grade-II Recruitment Exam
260 _aHyderbad
_bPharmamed
_c2025
300 _aix,986
650 _aPHARMACY GENERAL BOOKS
942 _2ddc
_cREF
999 _c13466
_d13466